| 000 | 00352pam a2200157a 44500 | ||
|---|---|---|---|
| 008 | 230405s1997 xxu||||| |||| 00| 0 eng d | ||
| 041 | _aENG | ||
| 100 | _aTAWADE , PALAN | ||
| 245 | _aDIGITAL ELECTRONICS | ||
| 250 | _a1997 | ||
| 260 |
_aPUNE _bTECHNOVA PUB _c1997 |
||
| 300 | _aP.B,MISE PAGE | ||
| 650 | _aE&TC | ||
| 690 | _aE&TC | ||
| 906 | _a1814 | ||
| 999 |
_c816009 _d816009 |
||